Statistics for Name the longest European City Name

Click here to take the quiz!

General Stats

  • This quiz has been taken 76 times
  • The average score is 31 of 59

Answer Stats

Answer% Correct
L
97%
L
94%
A
92%
N
92%
A
92%
I
92%
R
89%
F
86%
P
64%
L
64%
N
61%
W
58%
L
58%
L
56%
E
56%
O
56%
Y
56%
G
56%
W
53%
R
53%
Y
50%
G
50%
Y
50%
O
47%
O
47%
O
47%
L
47%
L
47%
N
47%
Y
47%
R
47%
C
47%
G
47%
L
47%
G
47%
W
44%
C
44%
H
44%
O
44%
G
42%
O
42%
R
42%
L
42%
I
42%
H
42%
S
42%
T
42%
G
42%
A
42%
N
42%
D
39%
G
39%
L
39%
L
39%
Y
36%
I
36%
W
36%
B
36%
Llanfairpwllgwyngyllgogerychwyrndrobwllllantysiliogogogoch
25%

Score Distribution

Percentile by Number Answered

Percent of People with Each Score

Your Score History

You have not taken this quiz